Statistics for Periodic Table with Alphabetic Answer Table

Click here to take the quiz!

General Stats

  • This quiz has been taken 336 times
  • The average score is 79 of 118

Answer Stats

#Element% Correct
1HHydrogen
98%
2HHelium
95%
7NNitrogen
95%
4BBeryllium
93%
8OOxygen
93%
13AAluminium
93%
9FFluorine
93%
12MMagnesium
93%
18AArgon
90%
29CCopper
90%
50TTin
90%
14SSilicon
88%
30ZZinc
88%
25MManganese
88%
5BBoron
88%
10NNeon
88%
19PPotassium
88%
79GGold
88%
11SSodium
88%
3LLithium
86%
47SSilver
86%
6CCarbon
86%
17CChlorine
86%
54XXenon
86%
15PPhosphorus
83%
28NNickel
83%
36KKrypton
83%
26IIron
83%
82LLead
83%
86RRadon
83%
20CCalcium
83%
74TTungsten
81%
16SSulfur
81%
39YYttrium
79%
23VVanadium
79%
53IIodine
79%
92UUranium
79%
94PPlutonium
79%
22TTitanium
79%
40ZZirconium
79%
24CChromium
79%
32GGermanium
76%
88RRadium
76%
27CCobalt
76%
33AArsenic
76%
31GGallium
74%
56BBarium
74%
78PPlatinum
74%
35BBromine
71%
80MMercury
71%
51AAntimony
71%
34SSelenium
69%
21SScandium
69%
89AActinium
69%
99EEinsteinium
69%
98CCalifornium
69%
85AAstatine
69%
55CCesium
67%
77IIridium
67%
49IIndium
67%
104RRutherfordium
67%
46PPalladium
67%
38SStrontium
67%
48CCadmium
67%
42MMolybdenum
64%
96CCurium
64%
76OOsmium
62%
90TThorium
62%
93NNeptunium
62%
68EErbium
62%
84PPolonium
62%
95AAmericium
62%
103LLawrencium
62%
87FFrancium
62%
52TTellurium
60%
63EEuropium
60%
101MMendelevium
57%
81TThallium
57%
97BBerkelium
57%
70YYtterbium
57%
83BBismuth
55%
58CCerium
55%
37RRubidium
55%
100FFermium
52%
44RRuthenium
52%
91PProtactinium
52%
107BBohrium
52%
110DDarmstadtium
52%
65TTerbium
50%
45RRhodium
50%
41NNiobium
50%
102NNobelium
50%
118OOganesson
50%
66DDysprosium
48%
106SSeaborgium
48%
67HHolmium
48%
72HHafnium
48%
43TTechnetium
45%
113NNihonium
45%
117TTennessine
45%
64GGadolinium
45%
73TTantalum
45%
57LLanthanum
45%
112CCopernicium
45%
75RRhenium
45%
71LLutetium
43%
105DDubnium
43%
115MMoscovium
40%
116LLivermorium
40%
62SSamarium
40%
108HHassium
38%
114FFlerovium
38%
61PPromethium
38%
111RRoentgenium
38%
59PPraseodymium
36%
109MMeitnerium
36%
69TThulium
33%
60NNeodymium
33%

Score Distribution

Percentile by Number Answered

Percent of People with Each Score

Your Score History

You have not taken this quiz